|
|
|
|
| LEADER |
01233nam a22003374a 4500 |
| 001 |
EBC1968821 |
| 003 |
MiAaPQ |
| 005 |
20200520144314.0 |
| 006 |
m o d | |
| 007 |
cr cn||||||||| |
| 008 |
060410s2007 nyua sb 001 0 eng |
| 010 |
|
|
|z 2006011877
|
| 020 |
|
|
|z 0765614502 (cloth : alk. paper)
|
| 020 |
|
|
|z 9780765614506 (cloth: alk. paper)
|
| 035 |
|
|
|a (MiAaPQ)EBC1968821
|
| 035 |
|
|
|a (Au-PeEL)EBL1968821
|
| 035 |
|
|
|a (CaPaEBR)ebr10292203
|
| 035 |
|
|
|a (OCoLC)905984329
|
| 040 |
|
|
|a MiAaPQ
|c MiAaPQ
|d MiAaPQ
|
| 050 |
|
4 |
|a HB172.5
|b .C635 2007
|
| 082 |
0 |
4 |
|a 339
|2 22
|
| 100 |
1 |
|
|a Cohn, Steve.
|
| 245 |
1 |
0 |
|a Reintroducing macroeconomics
|h [electronic resource] :
|b a critical approach /
|c Steven Mark Cohn.
|
| 260 |
|
|
|a Armonk, N.Y. :
|b M.E. Sharpe,
|c c2007.
|
| 300 |
|
|
|a xxv , 368 p. :
|b ill.
|
| 504 |
|
|
|a Includes bibliographical references and index.
|
| 533 |
|
|
|a Electronic reproduction. Ann Arbor, MI : ProQuest, 2015. Available via World Wide Web. Access may be limited to ProQuest affiliated libraries.
|
| 650 |
|
0 |
|a Macroeconomics.
|
| 655 |
|
4 |
|a Electronic books.
|
| 710 |
2 |
|
|a ProQuest (Firm)
|
| 856 |
4 |
0 |
|u https://ebookcentral.proquest.com/lib/matrademy/detail.action?docID=1968821
|z Click to View
|